[Event "Druzynowe Mistrzostw Polski Juniorow - II Liga"]
[Site "Wroclaw"]
[Date "1899-12-30"]
[Round "5.41"]
[White "Tim, Anna"]
[Black "Gaczol, Julia"]
[Result "0-1"]
[WhiteTitle "I"]
[BlackTitle "I+"]
[WhiteElo "1159"]
[BlackElo "1490"]

1. d4 f5 2. Nf3 Nf6 3. g3 g6 4. c4 Bg7 5. Nc3 O-O 6. Bg2 d6 7. O-O Qe8 8. Re1 c6
9. Qd3 e5 10. dxe5 dxe5 11. e4 Nfd7 12. Bd2 f4 13. Rf1 Na6 14. Qe2 h6 15. Nh4
Ndc5 16. Rab1 Ne6 17. Nf3 g5 18. g4 h5 19. h3 hxg4 20. hxg4 Qg6 21. Nh2 Nd4 22.
Qd1 Qe6 23. b3 Kf7 24. f3 Rh8 25. Rf2 Nb4 26. Bc1 Qh6 27. Bh1 Be6 28. a3 Na6 29.
Ne2 Rad8 30. Qf1 Nc2 31. Nc3 Nd4 32. Rbb2 Nc5 33. b4 Ncb3 34. c5 Rd7 35. Ne2 Rhd8
36. Nc3 Nb5 37. Bd2 Nxd2 38. Rbxd2 Rxd2 39. Rxd2 Rxd2 40. Bg2 Nxc3 0-1

[Event "Druzynowe Mistrzostw Polski Juniorow - II Liga"]
[Site "Wroclaw"]
[Date "1899-12-30"]
[Round "5.42"]
[White "Drozd, Gabriela"]
[Black "Nieckarz, Maja"]
[Result "0-1"]
[WhiteTitle "I"]
[BlackTitle "I"]
[WhiteElo "1185"]
[BlackElo "1432"]

1. e4 c5 2. Nf3 d6 3. d4 cxd4 4. Nxd4 Nf6 5. Nc3 g6 6. Be3 Bg7 7. f3 Nc6 8. g4
Be6 9. Nxe6 fxe6 10. Qd2 O-O 11. h4 Ne8 12. Be2 Qa5 13. h5 Rc8 14. hxg6 hxg6 15.
Bh6 Qe5 16. Bxg7 Qg3+ 17. Kd1 Nxg7 18. Rf1 Ne5 19. Qe3 Nxg4 20. Qxa7 Rc5 21. fxg4
Rxf1+ 22. Bxf1 Qf2 23. Rc1 Qxf1+ 24. Kd2 Qf2+ 25. Ne2 Rxc2+ 26. Rxc2 Qxa7 27.
Kd3 e5 28. a3 Ne6 29. Kd2 Qf2 30. Kc3 Qe3+ 31. Kb4 Qxe4+ 32. Kc3 Nc5 33. Rd2 d5
34. b4 Qc4+ 35. Kb2 Na4+ 36. Ka1 Qb3 37. g5 Qxa3+ 38. Ra2 Qxb4 39. Nc1 Qd4+ 40.
Kb1 Nc3+ 41. Kb2 Nxa2+ 42. Kxa2 Qd2+ 43. Kb1 e4 44. Nb3 Qd1+ 45. Nc1 e3 46. Kb2
e2 47. Nxe2 Qxe2+ 48. Kc3 Qc4+ 49. Kd2 d4 50. Kd1 Qa2 51. Kc1 d3 52. Kd1 Qc2+
53. Ke1 Qe2# 0-1

[Event "Druzynowe Mistrzostw Polski Juniorow - II Liga"]
[Site "Wroclaw"]
[Date "1899-12-30"]
[Round "5.43"]
[White "Paprocki, Antoni"]
[Black "Cichon, Bartlomiej"]
[Result "1-0"]
[WhiteTitle "I++"]
[BlackTitle "I"]
[WhiteElo "1981"]
[BlackElo "1938"]

1. d4 Nf6 2. c4 g6 3. h4 d6 4. Nc3 Bg7 5. e4 O-O 6. Be2 e5 7. d5 Na6 8. h5 Nc5
9. hxg6 fxg6 10. Qc2 c6 11. b4 Na6 12. a3 Bd7 13. dxc6 bxc6 14. c5 Bc8 15. cxd6
Qxd6 16. Be3 Ng4 17. Bxg4 Bxg4 18. f3 Bc8 19. Rd1 Qe6 20. Nge2 c5 21. b5 Nc7 22.
Bxc5 Re8 23. Bd6 Qc4 24. Qd3 Qxd3 25. Rxd3 Rd8 26. Kd2 Ne6 27. Bb4 Bb7 28. Nd5
a5 29. bxa6 Bxa6 30. Rc3 Bb7 31. Rd3 Ba6 32. Ne7+ Kf7 33. Rxd8 Rxd8+ 34. Nd5 h5
35. Nec3 Nf4 36. g4 hxg4 37. fxg4 Nxd5 38. exd5 Bc4 39. d6 Bf8 40. Ne4 Bd5 41.
Rf1+ Ke6 42. Nc5+ Kxd6 43. Rxf8 Rxf8 44. Nd3+ Ke6 45. Bxf8 Bf3 46. Nf2 Kf6 47.
Ke3 Bc6 48. Ne4+ Ke6 49. Nc3 Kf6 50. Ne4+ Ke6 51. Bb4 Kd5 52. Bd2 Kc4 53. Bb4
Kd5 54. Bc3 Ke6 55. a4 Kd5 56. a5 Bb5 57. Bb4 Ba6 58. Nc5 Bb5 59. a6 Kc4 60. a7
Bc6 61. Na6 Bb7 62. Bd2 Kd5 63. a8=Q Bxa8 64. Nc7+ Kd6 65. Nxa8 Kd5 66. Nb6+ Kc6
67. Ke4 Kd5+ 1-0

[Event "Druzynowe Mistrzostw Polski Juniorow - II Liga"]
[Site "Wroclaw"]
[Date "1899-12-30"]
[Round "5.44"]
[White "Bajer, Tomasz"]
[Black "Herka, Jakub"]
[Result "0-1"]
[WhiteTitle "II+"]
[BlackTitle "I"]
[WhiteElo "1369"]
[BlackElo "1433"]

1. c4 Nf6 2. Nf3 e6 3. g3 d5 4. b3 d4 5. d3 c5 6. Bg2 Nc6 7. O-O Be7 8. Nbd2 O-O
9. a3 e5 10. b4 cxb4 11. axb4 Bxb4 12. Ba3 Bxa3 13. Rxa3 Qe7 14. Qa4 Bd7 15. Rb1
Rab8 16. Ne1 h5 17. Rab3 Be8 18. Nc2 Qc7 19. Qa2 b6 20. Nb4 Nxb4 21. Rxb4 a5 22.
R4b3 Bc6 23. c5 Bxg2 24. cxb6 Qc6 25. f3 Bh3 26. Qxa5 Be6 27. R3b2 Nd5 28. Nc4
Nc3 29. Nxe5 Qd6 30. Ra1 Bd5 31. Nc4 Bxc4 32. dxc4 Qe6 33. Qc5 Nxe2+ 34. Kf2 Qe3+
35. Kg2 Rfc8 36. Qxc8+ Rxc8 37. b7 Rb8 38. Ra8 Qe8 39. Rba2 Kh7 40. c5 Nc3 41.
R2a3 Qe2+ 42. Kh3 Rxb7 43. Rc8 Qe6+ 0-1

[Event "Druzynowe Mistrzostw Polski Juniorow - II Liga"]
[Site "Wroclaw"]
[Date "1899-12-30"]
[Round "5.45"]
[White "Pekala, Dawid"]
[Black "Nowakowski, Maksymilian"]
[Result "1-0"]
[WhiteTitle "II"]
[BlackTitle "II+"]
[WhiteElo "1458"]
[BlackElo "1363"]

1. e4 e6 2. d4 d5 3. Nc3 dxe4 4. Nxe4 Nd7 5. Nf3 Ngf6 6. Nxf6+ Nxf6 7. Bd3 c5 8.
dxc5 Bxc5 9. O-O O-O 10. Bg5 b6 11. Qe2 Bb7 12. Rad1 Qe7 13. Ne5 h6 14. Bh4 g5
15. Bg3 Kg7 16. Kh1 Rad8 17. f4 Nd5 18. fxg5 Qxg5 19. Nf3 Qh5 20. Qe4 Rh8 21.
b4 Bd6 22. Bxd6 Rxd6 23. g4 Qg6 24. Qe5+ Qf6 25. Qxd6 Ne3 26. Be2 Nxd1 27. Qxd1
Rd8 28. Qe1 e5 29. Qc3 Qf4 30. Qc7 Rd2 31. Qxb7 Rxe2 32. Qd7 e4 33. Qd4+ Kh7 34.
Qe5 Qxg4 35. Ng5+ hxg5 36. Rxf7+ Kg6 37. Qf6+ Kh5 38. Rh7# 1-0

[Event "Druzynowe Mistrzostw Polski Juniorow - II Liga"]
[Site "Wroclaw"]
[Date "1899-12-30"]
[Round "5.46"]
[White "Pawlowski, Kamil"]
[Black "Rabenda, Piotr"]
[Result "1-0"]
[WhiteTitle "II"]
[BlackTitle "II"]
[WhiteElo "1257"]
[BlackElo "1322"]

1. e4 c5 2. Nc3 Nc6 3. g3 Nf6 4. Bg2 d6 5. f4 e5 6. d3 a6 7. Nf3 Be6 8. O-O Be7
9. h3 h5 10. Ne2 Qc8 11. f5 Bd7 12. c3 Qc7 13. Bg5 Qb6 14. Qb3 Qxb3 15. axb3 b6
16. Nd2 Nh7 17. Bxe7 Kxe7 18. Nc4 b5 19. Nb6 Ra7 20. Nd5+ Kd8 21. h4 Nf6 22. Nxf6
gxf6 23. Bf3 Ke7 24. Ra2 a5 25. Kg2 b4 26. Ng1 Raa8 27. Nh3 Rab8 28. Rb1 Rh7 29.
Raa1 Rg8 30. Kh2 Ra8 31. Nf2 Nd8 32. Nd1 Bb5 33. Be2 Nb7 34. Ne3 Bc6 35. Nc4 Bb5
36. Nb6 Rah8 37. Nd5+ Kf8 38. Nxf6 Rh6 39. Nd5 Bc6 40. Ne3 Bb5 41. Rc1 Ke7 42.
cxb4 axb4 43. Ra7 Rb8 44. Nd5+ Kd8 45. f6 Bd7 46. Rf1 Be6 47. Ne7 Kc7 48. Bd1
Kb6 49. Ra1 Na5 50. Nd5+ Bxd5 51. exd5 Rg8 52. Bc2 Rgg6 1-0

[Event "Druzynowe Mistrzostw Polski Juniorow - II Liga"]
[Site "Wroclaw"]
[Date "1899-12-30"]
[Round "5.47"]
[White "Pudelko, Magdalena"]
[Black "Gornisiewicz, Natalia"]
[Result "0-1"]
[WhiteTitle "I++"]
[BlackTitle "I++"]
[WhiteElo "1461"]
[BlackElo "1425"]

1. e4 e5 2. Nf3 Nc6 3. d4 exd4 4. Bc4 Bc5 5. c3 dxc3 6. Bxf7+ Kxf7 7. Qd5+ Ke8
8. Qxc5 Qe7 9. Qc4 Nb4 10. Qe2 d5 11. Nxc3 dxe4 12. Ng5 Nd3+ 13. Kf1 Nxc1 14.
Rxc1 Qxg5 15. Qxe4+ Qe7 16. Qf4 Be6 17. Nb5 Rc8 18. Nxc7+ Rxc7 19. Rxc7 Bd7 20.
Rxb7 Nf6 21. Qb4 Qxb4 22. Rxb4 Kf7 23. Ke2 Rc8 24. Rd1 a6 25. Rd2 Ke6 26. f3 Rc5
27. Rbd4 h6 28. Kf2 Rc6 29. Ke3 Rb6 30. Kf4 a5 0-1

[Event "Druzynowe Mistrzostw Polski Juniorow - II Liga"]
[Site "Wroclaw"]
[Date "1899-12-30"]
[Round "5.49"]
[White "Malinowski, Szymon"]
[Black "Kaczmarek, Jan"]
[Result "1-0"]
[WhiteTitle "I"]
[BlackTitle "II+"]
[WhiteElo "1824"]
[BlackElo "1596"]

1. d4 Nf6 2. c4 g6 3. Nc3 Bg7 4. e4 d6 5. f4 O-O 6. Nf3 c5 7. d5 e6 8. Be2 Re8
9. Nd2 Na6 10. O-O Nc7 11. a4 Na6 12. Bf3 exd5 13. cxd5 Nb4 14. Nc4 b6 15. Bd2
Ba6 16. Qb3 Qd7 17. Rae1 Ng4 18. Bxg4 Qxg4 19. Nb5 Bxb5 20. axb5 Qd7 21. Bxb4
cxb4 22. Qxb4 Bd4+ 23. Kh1 Bc5 24. Qb3 a6 25. bxa6 Rxa6 26. e5 dxe5 27. Nxe5 Qf5
28. g4 Qc8 29. g5 Qf5 30. Qf3 Bd4 31. Nc6 Qe5 1-0

[Event "Druzynowe Mistrzostw Polski Juniorow - II Liga"]
[Site "Wroclaw"]
[Date "1899-12-30"]
[Round "5.50"]
[White "Gluszynski, Michal"]
[Black "Trzebinski, Patryk"]
[Result "0-1"]
[WhiteTitle "II"]
[BlackTitle "I++"]
[WhiteElo "1513"]
[BlackElo "1782"]

1. d4 f5 2. c4 Nf6 3. Nc3 e6 4. g3 Be7 5. Bg2 O-O 6. e4 fxe4 7. Nxe4 Nxe4 8. Bxe4
Bb4+ 9. Bd2 Qf6 10. Qe2 Bxd2+ 11. Qxd2 Nc6 12. Rd1 d5 13. Bg2 e5 14. Nf3 Bg4 15.
dxe5 Nxe5 16. Qxd5+ Kh8 17. O-O Nxf3+ 18. Kh1 Qh6 0-1

[Event "Druzynowe Mistrzostw Polski Juniorow - II Liga"]
[Site "Wroclaw"]
[Date "1899-12-30"]
[Round "5.51"]
[White "Wons, Krystian"]
[Black "Skrzypinski, Jan"]
[Result "1-0"]
[WhiteTitle "II"]
[BlackTitle "I"]
[WhiteElo "1138"]
[BlackElo "1647"]

1. c4 e5 2. Nc3 Nc6 3. g3 h5 4. Nf3 d6 5. Bg2 g6 6. d4 Bg7 7. d5 Nce7 8. Ne4 Nf6
9. Nfg5 Bf5 10. Qb3 Qc8 11. h4 O-O 12. O-O Nd7 13. Be3 f6 14. Ne6 Bxe6 15. dxe6
Nb6 16. c5 dxc5 17. Nxc5 c6 18. Nd7 Nbd5 19. Nxf8 Bxf8 20. Bc5 Nc7 21. Bxe7 Bxe7
22. Rac1 Kg7 23. e4 Nb5 24. Bh3 Nd4 25. Qd3 Qc7 26. Kg2 Rd8 27. Qe3 Qb6 28. b3
Qa5 29. a4 Qb6 30. Rfd1 Qxb3 31. Qxb3 Nxb3 32. Rxd8 Bxd8 33. Rb1 Nc5 34. f3 Kf8
35. Kf2 Bb6 36. Kg2 Nxa4 37. f4 Nc3 38. Re1 Bd4 39. f5 b5 40. fxg6 b4 41. g4 Bc5
42. gxh5 a5 43. h6 Be7 44. g7+ Kg8 45. Bf5 1-0

[Event "Druzynowe Mistrzostw Polski Juniorow - II Liga"]
[Site "Wroclaw"]
[Date "1899-12-30"]
[Round "5.52"]
[White "Stachowiak, Bruno"]
[Black "Zalewski, Witold"]
[Result "0-1"]
[WhiteTitle "II"]
[BlackTitle "II"]
[WhiteElo "1462"]
[BlackElo "1231"]

1. e4 c5 2. Nf3 Nc6 3. d4 cxd4 4. Nxd4 g6 5. c4 Bg7 6. Be3 Nf6 7. Nc3 O-O 8. Be2
d6 9. O-O Bd7 10. f3 Nxd4 11. Bxd4 Bc6 12. Qd2 Nd7 13. Bxg7 Kxg7 14. Kh1 a5 15.
f4 Nc5 16. Qd4+ Kg8 17. Bg4 h5 18. Bh3 Bd7 19. f5 Kh7 20. e5 Na4 21. Nxa4 Bxa4
22. fxg6+ fxg6 23. Rxf8 Qxf8 24. c5 Bc6 25. cxd6 exd6 26. exd6 Rd8 27. Rd1 a4
28. Be6 Qg7 29. Qb6 Qf6 30. Bc4 Rd7 31. b3 Qb2 32. Bf1 Qxa2 33. bxa4 Qxa4 34.
Re1 Qf4 35. Qa5 Qxd6 36. Qg5 Rf7 37. Bc4 Qf6 38. Qg3 Rd7 39. h3 Kh6 40. h4 Rd4
41. Qe3+ Qf4 42. Bg8 Qxe3 43. Rxe3 Rxh4+ 44. Kg1 Rg4 45. Re2 Kg5 46. Rb2 Kf6 47.
Rf2+ Ke5 48. Re2+ Re4 49. Rb2 Kd4 50. Bh7 Kc3 51. Rb6 Rg4 52. Kf2 Rxg2+ 53. Ke3
g5 54. Be4 Rb2 0-1

[Event "Druzynowe Mistrzostw Polski Juniorow - II Liga"]
[Site "Wroclaw"]
[Date "1899-12-30"]
[Round "5.53"]
[White "Skolska, Emilia"]
[Black "Gac-mytych, Sara"]
[Result "1-0"]
[WhiteTitle "I++"]
[BlackTitle "II+"]
[WhiteElo "1517"]
[BlackElo "1176"]

1. e4 c6 2. d4 d5 3. e5 Bf5 4. g4 Bc8 5. Bd3 e6 6. Ne2 Nd7 7. c3 c5 8. Be3 Qc7
9. Ng3 Ne7 10. f4 Ng6 11. h4 c4 12. Bc2 Nb6 13. f5 Ne7 14. Qf3 Nc6 15. Rf1 Bd7
16. g5 exf5 17. Bxf5 O-O-O 18. Bf4 Be6 19. Be3 Rd7 20. Qg4 Re7 21. Nd2 Qd7 22.
Ke2 g6 23. Bxe6 Qxe6 24. Qxe6+ fxe6 25. Rf2 Bg7 26. Raf1 Na4 27. Rb1 Nd8 28. h5
Ree8 29. h6 Bf8 30. Ndf1 Be7 31. Nh2 Ref8 32. Ng4 Nf7 33. Nf6 Bxf6 34. Rxf6 Kd7
35. Kd2 Ke7 36. b3 cxb3 37. axb3 Nb6 38. Kd3 Rc8 39. c4 dxc4+ 40. bxc4 Rc7 41.
Bd2 Nd7 42. Bb4+ Kd8 43. Rxf7 Nxe5+ 44. dxe5 Rxf7 45. Ne4 b6 46. Nf6 Kc7 47. Bd6+
Kc6 48. c5 Rd8 49. Kc4 bxc5 50. Rb5 Rc8 51. Rxc5+ Kb7 52. Rxc8 Kxc8 53. Bc5 Kb7
54. Kb5 a6+ 55. Ka5 Rc7 56. Bf8 Rf7 57. Bg7 Rc7 58. Nxh7 Rc1 59. Nf8 Ra1+ 60.
Kb4 Kc6 61. h7 a5+ 62. Kb3 Kb5 63. h8=Q a4+ 64. Kb2 Re1 65. Nxe6 Re2+ 66. Kc3
a3 67. Nd4+ Kc5 68. Qc8+ Kd5 69. Qc6# 1-0

[Event "Druzynowe Mistrzostw Polski Juniorow - II Liga"]
[Site "Wroclaw"]
[Date "1899-12-30"]
[Round "5.54"]
[White "Pniewska, Beata"]
[Black "Kaczmarek, Paulina"]
[Result "0-1"]
[WhiteTitle "I"]
[BlackTitle "I"]
[WhiteElo "1361"]
[BlackElo "1092"]

1. d4 d5 2. Bf4 Nf6 3. e3 Bf5 4. c4 e6 5. Nd2 c6 6. Ngf3 Bd6 7. Bg3 Bc7 8. Qb3
b6 9. Bd3 Bxd3 10. Qxd3 Nbd7 11. Ne5 Nxe5 12. dxe5 Nd7 13. f4 O-O 14. b4 a5 15.
b5 Nc5 16. Qd4 cxb5 17. cxb5 a4 18. O-O Qd7 19. e4 Rfd8 20. exd5 Qxd5 21. Qxd5
Rxd5 22. Nc4 Ne4 23. Na3 Rad8 24. Bh4 R8d7 25. Rac1 Kf8 26. Rfe1 Nc5 27. Rc4 Rd1
28. Kf1 R1d4 29. Bf2 Rxc4 30. Nxc4 Rd5 31. Nb2 Ke7 32. Rc1 a3 33. Nc4 Nd3 34.
Rc3 Nxf4 35. Ne3 Rd7 36. Bh4+ f6 37. exf6+ gxf6 38. Rxa3 Bd6 39. Rc3 Bc5 40. Bg3
Ng6 41. a4 Ra7 42. Nc4 Rxa4 43. Bc7 Rb4 44. Nxb6 Bxb6 45. Bxb6 Rxb5 46. Be3 Kd6
47. Ke2 Rb2+ 48. Kf1 Rb5 49. g3 Ke5 50. Rc7 h5 51. Rc5+ Rxc5 52. Bxc5 Ke4 53.
Ke2 f5 54. Be3 e5 55. Bg5 f4 56. gxf4 Nxf4+ 57. Kd2 Kf3 58. h4 Ng2 59. Bf6 e4
60. Bg5 e3+ 61. Kd3 e2 62. Bd2 e1=Q 63. Bxe1 Nxe1+ 64. Kd4 Ng2 65. Ke5 Nxh4 66.
Kd4 0-1

[Event "Druzynowe Mistrzostw Polski Juniorow - II Liga"]
[Site "Wroclaw"]
[Date "1899-12-30"]
[Round "5.55"]
[White "Stypka, Sebastian"]
[Black "Maciaszek, Karol"]
[Result "1/2-1/2"]
[WhiteTitle "II"]
[BlackTitle "I"]
[WhiteElo "1373"]
[BlackElo "1695"]

1. e4 c5 2. Nf3 e6 3. d4 cxd4 4. Nxd4 Nf6 5. Bd3 Nc6 6. Nxc6 bxc6 7. O-O d5 8.
Nd2 Be7 9. Qe2 O-O 10. c4 Ba6 11. b3 Qb6 12. Bb2 Rfd8 13. Kh1 c5 14. e5 Nd7 15.
f4 Bb7 16. f5 exf5 17. Bxf5 Nf8 18. Rae1 Ne6 19. Bxh7+ Kxh7 20. Qh5+ Kg8 21. Qxf7+
Kh8 22. Qxe7 dxc4 23. Nxc4 Qc6 24. Rf2 Rf8 25. Qh4+ Kg8 26. Nd6 Rxf2 27. Qxf2
Rf8 28. Qg3 Ba8 29. Bc1 Qa6 30. Rg1 Qxa2 31. h4 Bd5 32. h5 Qxb3 33. Qxb3 Bxb3
34. Be3 Bd5 35. Ra1 Nf4 36. Bxc5 Bxg2+ 37. Kh2 Bf3 38. Rxa7 Ne6 39. Be3 Bxh5 40.
Re7 Rf3 41. Rxe6 Rxe3 42. Re7 Re2+ 43. Kg3 Kf8 44. Re6 Bf7 45. Nxf7 Kxf7 46. Ra6
Rxe5 47. Rb6 Rf5 48. Kg4 Rc5 49. Ra6 Kg8 50. Rb6 Kh7 51. Ra6 g6 52. Ra4 Kh6 53.
Kh4 Kg7 54. Ra6 Re5 55. Kg4 Kf7 56. Ra7+ Kf6 57. Ra6+ Re6 58. Rxe6+ Kxe6 1/2-1/2

[Event "Druzynowe Mistrzostw Polski Juniorow - II Liga"]
[Site "Wroclaw"]
[Date "1899-12-30"]
[Round "5.56"]
[White "Kucharski, Sylwester"]
[Black "Cieply, Krzysztof"]
[Result "1-0"]
[WhiteTitle "I"]
[BlackTitle "I"]
[WhiteElo "1441"]
[BlackElo "1763"]

1. e4 c5 2. Nf3 Nc6 3. d4 cxd4 4. Nxd4 Nf6 5. Nc3 e5 6. Ndb5 d6 7. Bg5 a6 8. Na3
b5 9. Nd5 Be7 10. Bxf6 Bxf6 11. c3 O-O 12. Nc2 Bg5 13. h4 Bh6 14. g4 Bf4 15. Qf3
Be6 16. Nxf4 Qf6 17. g5 Qxf4 18. Qxf4 exf4 19. Bh3 Bc4 20. Bf1 Ne5 21. Bxc4 bxc4
22. O-O-O Rfe8 23. Rxd6 Nd3+ 24. Rxd3 cxd3 25. Nd4 Rxe4 26. f3 Re3 27. Kd2 Rae8
28. b4 Kf8 29. a4 Rc8 30. Rb1 Re7 31. b5 axb5 32. axb5 Ra8 33. Kxd3 Re3+ 34. Kc2
Re5 35. b6 Rc5 36. Kd3 Rac8 37. Rb3 Ke8 38. Ke4 Kd7 39. Kxf4 Rc4 40. Ke4 R4c5
41. f4 Re8+ 42. Kd3 Kc8 43. Rb5 Rxb5 44. Nxb5 Rd8+ 45. Kc4 Kb7 46. Kc5 Rc8+ 47.
Nc7 f6 48. gxf6 gxf6 49. Kb5 Rg8 50. c4 Rg1 51. Nd5 f5 52. c5 Rc1 53. Nb4 Rb1
54. c6+ Kc8 55. Kc5 Rc1+ 56. Kd6 Ra1 57. b7+ Kb8 58. Na6+ Rxa6 59. Kd7 Rb6 60.
c7+ Kxb7 61. c8=Q+ Ka7 62. Qc5 Ka6 63. Qxf5 h6 64. Qe6 Kb7 65. Qxb6+ Kxb6 66.
f5 1-0

[Event "Druzynowe Mistrzostw Polski Juniorow - II Liga"]
[Site "Wroclaw"]
[Date "1899-12-30"]
[Round "5.57"]
[White "Staniczek, Kacper"]
[Black "Rajlich, Vaclav"]
[Result "0-1"]
[WhiteTitle "II"]
[BlackTitle "II"]
[WhiteElo "1345"]
[BlackElo "1326"]

1. e4 c5 2. Nf3 d6 3. d4 cxd4 4. Nxd4 Nf6 5. Nc3 g6 6. Be3 Bg7 7. f3 O-O 8. Qd2
Nc6 9. O-O-O Bd7 10. g4 Rc8 11. Kb1 Ne5 12. h4 b5 13. h5 Nxf3 14. Nxf3 Bxg4 15.
Be2 b4 16. Nd5 Nxe4 17. Qd3 Bf5 18. Qa6 Rxc2 19. Nd4 Rxe2 20. Nxf5 Rxb2+ 21. Ka1
gxf5 22. h6 Be5 23. Bd4 Bxd4 24. Rxd4 Rg2 25. Qf1 Rg6 26. Nf4 e5 27. Nxg6 fxg6
28. Rd3 Qa5 29. Qg1 Nc3 30. Rh2 d5 31. Qg5 Qc7 32. Rc2 d4 33. Kb2 Qc4 34. Rdxc3
bxc3+ 35. Ka1 Qc7 36. Qc1 Rc8 37. Qd1 Qc4 38. Qb1 d3 39. Rc1 c2 40. Qb7 Qc3+ 41.
Qb2 Qxb2+ 42. Kxb2 e4 43. a4 Rb8+ 44. Kc3 Rb1 45. Kd2 Rxc1 46. a5 Rd1+ 47. Ke3
c1=Q+ 48. Kd4 Qb2+ 49. Kd5 Rc1 50. a6 Qb5+ 51. Kd4 Qc5# 0-1

[Event "Druzynowe Mistrzostw Polski Juniorow - II Liga"]
[Site "Wroclaw"]
[Date "1899-12-30"]
[Round "5.58"]
[White "Bombinski, Michal"]
[Black "Wojs, Alicja"]
[Result "0-1"]
[WhiteTitle "II"]
[BlackTitle "I++"]
[WhiteElo "1168"]
[BlackElo "1566"]

1. d4 Nf6 2. Nf3 e6 3. Bg5 b6 4. Nbd2 Bb7 5. e3 Be7 6. Bd3 d6 7. O-O Nbd7 8. e4
h6 9. Bh4 g5 10. Bg3 Rg8 11. e5 dxe5 12. Nxe5 h5 13. Bb5 h4 14. Bxd7+ Nxd7 15.
Qh5 Nxe5 16. Bxe5 Qd5 17. Qf3 Qxf3 18. Nxf3 O-O-O 19. d5 g4 20. Ne1 Rxd5 21. Nd3
Ba6 22. Nb4 Bxb4 0-1

[Event "Druzynowe Mistrzostw Polski Juniorow - II Liga"]
[Site "Wroclaw"]
[Date "1899-12-30"]
[Round "5.59"]
[White "Lach, Alicja"]
[Black "Kicinska, Magdalena"]
[Result "0-1"]
[WhiteTitle "I"]
[BlackTitle "I++"]
[WhiteElo "1367"]
[BlackElo "1440"]

1. e4 c6 2. d4 d5 3. e5 Bf5 4. h4 h5 5. c4 dxc4 6. Bxc4 e6 7. Nc3 Nd7 8. Nf3 Nb6
9. Bd3 Bxd3 10. Qxd3 Ne7 11. Bg5 Qd7 12. Ne4 Ned5 13. O-O Nc8 14. a3 Be7 15. Rad1
Bxg5 16. Nfxg5 b6 17. Rfe1 Nde7 18. b4 Nf5 19. g3 Nce7 20. Rd2 Rd8 21. Red1 Nd5
22. Kg2 Nxh4+ 23. Kh2 Nf5 24. Qf3 Qe7 25. Kg2 Kd7 26. Qb3 f6 27. Nf3 h4 28. b5
hxg3 29. bxc6+ Kc7 30. fxg3 Nde3+ 31. Kg1 Nxd1 32. Rxd1 Rh3 33. Kg2 Rh7 34. d5
exd5 35. Nf2 fxe5 36. g4 Nh4+ 37. Nxh4 Rxh4 38. Rd3 d4 39. Qb5 e4 40. Rg3 e3 41.
Nd3 Qe4+ 0-1

[Event "Druzynowe Mistrzostw Polski Juniorow - II Liga"]
[Site "Wroclaw"]
[Date "1899-12-30"]
[Round "5.60"]
[White "Kicinska, Anna"]
[Black "Moczala, Maja"]
[Result "0-1"]
[WhiteTitle "I+"]
[BlackTitle "I+"]
[WhiteElo "1297"]
[BlackElo "1375"]

1. d4 d5 2. Nf3 Nf6 3. Bg5 Ne4 4. Bh4 c5 5. dxc5 Nc6 6. c3 g6 7. e3 Bg7 8. Nbd2
Bf5 9. Nd4 Nxd4 10. cxd4 Qa5 11. a3 a6 12. b4 Qc7 13. Qb3 Nxd2 14. Kxd2 Bxd4 15.
exd4 Qf4+ 16. Qe3 Qxh4 17. Re1 O-O 18. f4 Qf6 19. Bd3 Bxd3 20. Kxd3 Rfe8 21. g4
Qc6 22. h4 a5 23. Qd2 axb4 24. Qxb4 Ra4 25. Qb6 Rxa3+ 26. Ke2 Qa4 27. Rd1 Qc2+
28. Rd2 Qe4+ 29. Kf2 Qf3+ 30. Kg1 Ra1+ 31. Kh2 Rxh1# 0-1

[Event "Druzynowe Mistrzostw Polski Juniorow - II Liga"]
[Site "Wroclaw"]
[Date "1899-12-30"]
[Round "5.61"]
[White "Guzik, Michal"]
[Black "Lichorad, Mateusz"]
[Result "1-0"]
[WhiteTitle "II+"]
[BlackTitle "I+"]
[WhiteElo "1413"]
[BlackElo "1983"]

1. e4 c5 2. Nf3 d6 3. d4 cxd4 4. Nxd4 Nf6 5. Nc3 a6 6. Be3 e5 7. Nb3 Be6 8. Nd5
Nbd7 9. f3 Bxd5 10. exd5 h5 11. Qd3 g6 12. Be2 Bg7 13. O-O-O Qc7 14. Kb1 Rc8 15.
h4 O-O 16. g4 e4 17. fxe4 Ne5 18. Qd2 Nxe4 19. Qc1 Ng3 20. Rh2 Nxe2 21. Rxe2 Nxg4
22. Bd4 Bh6 23. Nd2 Qa5 24. b3 Qxd5 25. Qb2 Rfe8 26. Rxe8+ Rxe8 27. a4 Ne5 28.
c4 Qg2 29. Qc3 Qe2 30. Kc2 Nf3 31. Qxf3 1-0

[Event "Druzynowe Mistrzostw Polski Juniorow - II Liga"]
[Site "Wroclaw"]
[Date "1899-12-30"]
[Round "5.62"]
[White "Mosny, Kamil"]
[Black "Mastej, Krzysztof"]
[Result "1-0"]
[WhiteTitle "I"]
[BlackTitle "II"]
[WhiteElo "1730"]
[BlackElo "1355"]

1. d4 Nf6 2. c4 e6 3. Nf3 b6 4. a3 Bb7 5. Nc3 d5 6. cxd5 Nxd5 7. Qc2 Nxc3 8. bxc3
Nd7 9. e4 Be7 10. Bd3 c5 11. O-O Qc8 12. Qe2 O-O 13. Bf4 Nf6 14. Rfc1 Rd8 15.
a4 Nh5 16. Be3 f5 1-0

[Event "Druzynowe Mistrzostw Polski Juniorow - II Liga"]
[Site "Wroclaw"]
[Date "1899-12-30"]
[Round "5.63"]
[White "Oberc, Szymon"]
[Black "Smolinski, Wojciech"]
[Result "1-0"]
[WhiteTitle "II"]
[BlackTitle "II"]
[WhiteElo "1107"]
[BlackElo "1278"]

1. e4 e6 2. d4 d5 3. Nc3 Nf6 4. e5 Nfd7 5. Nf3 c5 6. Ne2 cxd4 7. Nexd4 Nc6 8. Bb5
Nxd4 9. Nxd4 a6 10. Bxd7+ Bxd7 11. O-O Bc5 12. c3 O-O 13. Re1 Rc8 14. Qg4 Kh8
15. h4 Qb6 16. Re3 f5 17. Qf4 Bxd4 18. cxd4 Rc4 19. Rd3 Rfc8 20. b3 Rc2 21. Be3
h6 22. Rd2 Qa5 23. a3 Rc1+ 24. Rxc1 Rxc1+ 25. Kh2 Qxa3 26. h5 Qxb3 27. Qh4 Rc8
28. Bxh6 Rg8 29. Qg5 Qb4 30. Qe3 Qf8 31. Bg5 Qf7 32. Qh3 Be8 33. h6 Qh5 34. hxg7+
Kxg7 35. Bf6+ Kf8 36. Qxh5 Bxh5 37. Rb2 Rg4 38. Rb4 b5 39. f3 Rg8 40. Rb3 Be8
41. Ra3 Rg6 42. Rxa6 Kf7 43. Ra7+ Kf8 44. Rh7 Kg8 45. Re7 Kf8 46. Rxe6 Rh6+ 47.
Kg1 Rh7 48. Rd6 Rd7 49. Rb6 Rc7 50. Rd6 Rd7 51. Rxd7 Bxd7 52. Kf2 Be6 53. Ke2
Ke8 54. Kd2 Kd7 55. Kc3 Kc6 56. Be7 Bd7 57. Bb4 Be6 58. Kd3 Kd7 59. Ke3 Ke8 60.
Kf4 Kf7 61. Kg5 Bd7 62. g4 fxg4 63. fxg4 Be6 64. Kh5 Kg7 65. Kg5 Bd7 66. Kf4 Be6
67. Kg5 Bd7 68. Ba3 Be6 69. Be7 Bd7 70. Kh5 Be8+ 71. Kg5 Bd7 72. Bd6 Be6 73. Bc5
Bd7 74. Bb4 Be6 75. Be1 Bd7 76. Ba5 Be6 77. Bd2 Bd7 1-0

[Event "Druzynowe Mistrzostw Polski Juniorow - II Liga"]
[Site "Wroclaw"]
[Date "1899-12-30"]
[Round "5.65"]
[White "Niedorys, Karolina"]
[Black "Trybus, Dominika"]
[Result "0-1"]
[WhiteTitle "I+"]
[BlackTitle "I++"]
[WhiteElo "1495"]
[BlackElo "1532"]

1. e4 Nf6 2. Nc3 d5 3. exd5 Nxd5 4. Bc4 Nxc3 5. bxc3 Nc6 6. Nf3 Bf5 7. O-O e6 8.
d4 Be7 9. Bf4 O-O 10. Qd2 Bd6 11. Bxd6 cxd6 12. Bd3 Ne7 13. Bxf5 Nxf5 14. d5 e5
15. Qg5 Qxg5 16. Nxg5 Rac8 17. Ne4 Rc4 18. Rfe1 Rd8 19. Rab1 b6 20. Rb4 Rc7 21.
a4 Ne7 22. Rb5 h6 23. a5 Nc8 24. a6 f5 25. Ng3 Ne7 26. Rb3 Rc5 27. Rd1 g6 28.
Ne2 Nxd5 29. Ra3 Kf7 30. g3 Rdc8 31. Rd3 Ke6 32. Kf1 g5 33. Ke1 e4 34. Rd1 Nxc3
35. Nxc3 Rxc3 36. Rxc3 Rxc3 37. Kd2 Ra3 0-1

[Event "Druzynowe Mistrzostw Polski Juniorow - II Liga"]
[Site "Wroclaw"]
[Date "1899-12-30"]
[Round "5.66"]
[White "Zylak, Emilia"]
[Black "Mansz, Martyna"]
[Result "0-1"]
[WhiteTitle "III"]
[BlackTitle "I"]
[WhiteElo "1000"]
[BlackElo "1226"]

1. e4 c5 2. Nf3 g6 3. d4 cxd4 4. Nxd4 Bg7 5. Nc3 Nc6 6. Nb3 d6 7. Be2 Nf6 8. O-O
O-O 9. Re1 Ne5 10. h3 Bd7 11. Bf1 Rc8 12. Nd5 Nxd5 13. exd5 f5 14. Bf4 Nc4 15.
Bxc4 Bxb2 16. Rb1 Bc3 17. Re2 Rxc4 18. Bh6 Bg7 19. Bxg7 Kxg7 20. Nd2 Rc7 21. Nf3
Rf6 22. Qd4 a6 23. Rbe1 Bb5 24. Rd2 Rc4 25. Qb2 h6 26. h4 Kg8 27. Qb3 Qc7 28.
Rc1 Ba4 29. Qe3 Kh7 30. Nd4 Rc3 31. Qf4 Rc4 32. Kh1 Qc5 33. Qe3 Rf7 34. Qe6 Rg7
35. Nb3 Bxb3 36. axb3 Rxh4+ 37. Kg1 Re4 38. Qd7 e6 39. Qd8 exd5 40. Rcd1 d4 41.
Qf6 Qe5 42. Qxe5 dxe5 43. Kh2 g5 44. f3 Re3 45. Kg1 Rd7 46. Kf2 Rc3 47. Ke2 h5
48. g3 Kg6 49. Ra1 Rd5 50. Ra4 Rdc5 51. Ra2 Re3+ 52. Kf2 Rcc3 53. Rd3 Rexd3 54.
cxd3 Rxd3 55. b4 Rb3 56. Ra5 Kf6 57. Ra4 Rb2+ 58. Kf1 h4 59. gxh4 gxh4 60. Kg1
h3 61. Kh1 d3 62. Ra3 d2 63. Rd3 Rb1+ 64. Kh2 d1=Q 65. Rxd1 Rxd1 66. Kxh3 Kg5
67. Kg3 f4+ 68. Kg2 Rd5 69. Kf2 a5 70. bxa5 Rxa5 71. Ke2 Rc5 72. Kd3 b5 73. Ke4
b4 74. Kd3 b3 75. Kd2 b2 76. Kd3 b1=Q+ 77. Kd2 Rc2+ 78. Kd3 Qd1+ 79. Ke4 Qd4#
0-1